000 01014nam a2200265 i 4500
001 169852
003 ES-MaACL
005 20250812051209.0
008 081205s1935 sp af |||| | spa d
080 _a7(47)(091)
100 1 _aNicolsky, Victor.
_985604
245 1 0 _aArte ruso /
_cVictor Nicolsky ; traducción directa del ruso por Tatiana Enco de Valero y José Mª Quiroga Plá.
260 _aBarcelona :
_bLabor,
_c1935.
300 _a424 p., XVI p. de lám. :
_bil. ;
_c19 cm.
490 1 _aColección Labor.
_aArtes plásticas ;
_v369-370
500 _aÍndices.
599 _aEn verso de port.: "Con 122 figuras y 16 láminas"
650 7 _aArte ruso
_2embne
_9135620
700 1 _aEnco de Valero, Tatiana.
_947193
700 1 _aQuiroga Plá, José María,
_d1902-1955
_994784
830 0 0 _aColección Labor.
_pArtes plásticas
_v369-370
_9222913
852 _aES-MaACL
_jE-12356
_z. - Biblioteca Jacinto Martínez Lacalle
852 _aES-MaACL
_jE-2845
999 _c169852
_d169852